| 000 | 00857cam a2200265 a 4500 | ||
|---|---|---|---|
| 001 | 15746567 | ||
| 005 | 20121106144421.0 | ||
| 008 | 090521s2010 njua b 001 0 eng | ||
| 010 | _a 2009020809 | ||
| 020 | _a0470539755 (cloth) | ||
| 020 | _a9780470539750 (cloth) | ||
| 082 | 0 | 0 |
_a629.1323 _222 _bPHI |
| 100 | 1 |
_aPhillips, Warren F. _931266 |
|
| 245 | 1 | 0 |
_aMechanics of Flight / _cWarren F. Phillips. |
| 250 | _a2nd ed. | ||
| 260 |
_aHoboken, N.J. : _bJ. Wiley, _cc2010. |
||
| 300 |
_axiii, 1138 p. : _bill. ; _c25 cm. |
||
| 504 | _aIncludes bibliographical references and index. | ||
| 650 | 0 |
_aAerodynamics. _931267 |
|
| 650 | 0 |
_aFlight. _931268 |
|
| 650 | 0 |
_aFlight control. _929175 |
|
| 653 |
_bMec _cNovember2012 |
||
| 942 |
_2ddc _cBB |
||
| 999 |
_c17083 _d17055 |
||